Mindset for IELTS Student's book foundation

שמור ב:
מידע ביבליוגרפי
מחבר תאגידי: An Offical Cambridge IELTS Course
פורמט: ספר
שפה:English
יצא לאור: New York Cambridge University press 2017
נושאים:
תגים: הוספת תג
אין תגיות, היה/י הראשונ/ה לתייג את הרשומה!
Thư viện lưu trữ: Trung tâm Học liệu Lê Vũ Hùng, Trường Đại học Đồng Tháp
LEADER 00733pam a22002418a 4500
001 00042638
005 20191018091047.0
008 170516s2009 ||||||engsd
020 # # |a 9781316636688 
041 0 # |a eng 
082 1 4 |a 428  |b M310F 
110 1 # |a An Offical Cambridge IELTS Course 
245 1 0 |a Mindset for IELTS  |b Student's book foundation 
260 # # |a New York  |b Cambridge University press  |c 2017 
300 # # |a 134 tr.  |c 29 cm 
653 # # |a IELTS 
653 # # |a Luyện thi 
653 # # |a Ngôn ngữ 
653 # # |a Tiếng Anh 
653 # # |a Tự học 
852 # # |j KD.0024791  |j KGT.0058687  |j KGT.0058681 
910 # # |d 11/10/2018 
980 # # |a Trung tâm Học liệu Lê Vũ Hùng, Trường Đại học Đồng Tháp